000 00503nam a2200181Ia 4500
001 3482
005 20260306145646.0
008 260306t2008||||xx |||||||||||||| ||spa||
041 _aESP
082 _a279.856
_bG91
100 _aGuibovich Pérez, Pedro
_eAUT
245 0 _aSociedad y gobierno episcopal :
_blas visitas del obispo Manuel de Mollinedo y Angulo (Cuzco, 1674-1694)
260 _c2008
300 _a243 páginas :
_c24 cm.
650 _aGEN
654 _aCHU
942 _cLIB
_dJUS
_fJUS
_2ddc
_n
999 _c3482
_d3482